Meditaciones metafísicas con objeciones y respuestas / (Record no. 55569)

MARC details
000 -LEADER
campo de control de longitud fija 00593nam a2200181 i 4500
001 - NÚMERO DE CONTROL
campo de control 55569
003 - IDENTIFICADOR DE NÚMERO DE CONTROL
campo de control ES-MaACL
005 - FECHA Y HORA DE LA ÚLTIMA TRANSACCIÓN
campo de control 20250703063102.0
007 - CAMPO FIJO DE DESCRIPCIÓN FÍSICA--INFORMACIÓN GENERAL
campo de control de longitud fija t|
008 - DATOS DE LONGITUD FIJA--INFORMACIÓN GENERAL
campo de control de longitud fija 030923s1977 sp ||||1| spa d
100 1# - ENTRADA PRINCIPAL--NOMBRE DE PERSONA
Nombre de persona Descartes, René,
Fechas asociadas al nombre 1596-1650
9 (RLIN) 43838
245 10 - MENCIÓN DEL TÍTULO
Título Meditaciones metafísicas con objeciones y respuestas /
Mención de responsabilidad, etc. René Descartes ; introducción, traducción y notas Vidal Peña.
260 ## - PUBLICACIÓN, DISTRIBUCIÓN, ETC.
Lugar de publicación, distribución, etc. [Madrid] :
Nombre del editor, distribuidor, etc. Alfaguara,
Fecha de publicación, distribución, etc. [1977]
300 ## - DESCRIPCIÓN FÍSICA
Extensión LVII, 466 p. ;
Dimensiones 22 cm.
700 1# - ENTRADA AGREGADA--NOMBRE PERSONAL
Nombre de persona Peña, Vidal.
9 (RLIN) 90248
852 ## - LOCALIZACIÓN
Ubicación ES-MaACL
Número de control de estantería A-8302
Sublocalización o colección R.97094
Holdings
Estatus retirado Estado de pérdida Estado de daño No para préstamo Biblioteca de origen Biblioteca actual Ubicación en estantería Fecha de adquisición Fuente de adquisición Total de préstamos Signatura topográfica completa Código de barras Visto por última vez Precio de reemplazo Tipo de ítem Koha
        Biblioteca del Ateneo de Madrid Biblioteca del Ateneo de Madrid Sala Pecera Planta 1 17/01/2008     A-8302 1058378 23/02/2023 23/02/2023 Libro impreso